Count as High as You Can - 30 Second Sprint - Statistics

General Stats
  • This quiz has been taken 4,538 times
    1,270 since last reset
  • The average score is 62 of 160
Answer Stats
# % Correct
1
100%
2
99%
3
99%
4
98%
5
98%
6
98%
7
98%
8
97%
9
97%
10
96%
11
95%
12
94%
13
94%
14
94%
15
94%
16
93%
17
93%
18
93%
19
92%
20
91%
21
91%
22
91%
23
90%
24
90%
25
90%
26
90%
27
90%
28
90%
29
89%
30
89%
31
88%
32
88%
33
87%
34
87%
35
86%
36
86%
37
86%
38
86%
39
85%
40
84%
41
83%
42
83%
43
82%
44
81%
45
80%
46
80%
47
79%
48
78%
49
77%
50
74%
51
72%
52
71%
53
70%
54
68%
55
67%
56
64%
57
64%
58
63%
59
62%
60
60%
61
58%
62
57%
63
54%
64
52%
65
51%
66
49%
67
46%
68
44%
69
42%
70
40%
71
36%
72
35%
73
33%
74
31%
75
29%
76
28%
77
26%
78
23%
79
21%
80
18%
81
17%
82
16%
83
15%
84
14%
85
13%
86
12%
87
12%
88
11%
89
11%
90
8%
91
7%
92
7%
93
7%
94
6%
95
6%
96
6%
97
5%
98
5%
99
5%
100
4%
101
4%
102
3%
103
3%
104
3%
105
3%
106
3%
107
3%
108
3%
109
3%
110
3%
111
3%
112
3%
113
2%
114
2%
115
2%
116
2%
117
2%
118
2%
119
2%
120
2%
121
2%
122
2%
123
2%
124
2%
125
2%
126
2%
127
2%
128
2%
129
2%
130
2%
131
2%
132
2%
133
2%
134
2%
135
2%
136
2%
137
2%
138
2%
139
2%
140
1%
141
1%
142
1%
143
1%
144
1%
145
1%
146
1%
147
0%
148
0%
149
0%
150
0%
151
0%
152
0%
153
0%
154
0%
155
0%
156
0%
157
0%
158
0%
159
0%
160
0%
No matching quizzes found
Score Distribution
Percent of People with Each Score
Percentile by Number Answered
Your Score History
You have not taken this quiz since the last reset